000 00592 a2200169 4500
020 _a0521670551
020 _a9780521670555
082 _a530.143
090 _c1134
_d1134
100 1 _aWeinberg, Steven.
245 1 4 _aThe quantum theory of fields.
_nVolume 3 :
_bsupersymmetry /
_cSteven Weinberg.
260 _a[S.l.] :
_bCambridge University Press,
_c2005.
300 _a442 p. ;
_c26 cm.
700 _aWeinberg, Steven.
942 _aSNS
_cBK
_k530.143 WEI
999 _c29748
_d29748